000
00344nam a2200133Ia 4500
008
231129s2004||||xx |||||||||||||| ||spa||
020
_a
958-04-7491-5- ISBN
040
_b
spa
082
_a
428 T258
245
0
_a
Teenagers new generation student's book
260
_c
2004
264
_a
Norma
942
_2
ddc
_c
BKS
999
_c
25126
_d
25126